LEADER 01200nam a2200277 u 4500 001 000000052382 003 CaOOAMICUS 005 20070226115437.0 008 001017s1984 it u000 u ita u 035 $a10858357 040 $aPUL(R)$bita 100 1 $aCatalano, Gaetano.$0(OLS)http://pul/name/15486 245 10$aDal Vaticano II al nuovo Codex :$bgli anni difficili del diritto canonico /$cGaetano Catalano. 260 $aPerugia :$b[s.n.],$c1984. 300 $aP. [55]-72 ;$c25 cm 500 $a"Estratto da: Raccolta di scritti in onore di Pio Fedele". 504 $aBibliografia in nota. 611 24$aConcilium Vaticanum$n(2 :$d1962-1965).$0(OLS)http://pul/subject/71 650 4$aDiritto canonico$xFonti.$0(OLS)http://pul/subject/1671 850 $aPUL 852 $aPUL$W1$xDP1 Fondo Ciprotti$y59$m1544 E 27$j69284$nBK-PRI$b $qFondi$B69284$CPULBib$Z2$F69284 $H $81 941 1 $a1 960 $aConcilio Vaticano II (1962-1965)$971 961 $aINV: F. Ciprotti 996 $6245$aDal Vaticano II al nuovo Codex :$bgli anni difficili del diritto canonico$9(OLS)http://pul/title/70288 996 $6260$aPerugia :$b[s.n.]$9(OLS)http://pul/publisher/51281 LEADER 01171nam a2200241 u 4500 001 000000088075 003 CaOOAMICUS 005 20070226124456.0 008 051024s1956 fr u000 u fre u 035 $a11065433 040 $aPUL(R)$bita 100 1 $aCarré, Ambroise-Marie,$cO.P.,$d1908-$0(OLS)http://pul/name/39822 245 12$aL'Eglise s'est-elle reconciliée avec le thèatre ? :$bde Molière a Louis Jouvet /$cA.-M. Carré. 260 $aParis :$bCerf,$c1956. 300 $a111 p. ;$c20 cm 504 $aComprebde indicazioni bibliografiche. 650 4$aReligione e società$xCritica e interpretazione.$0(OLS)http://pul/subject/27586 850 $aPUL 852 $aPUL$W1$xDP1 Fondo Pastorale$y55$mP2 C 5$j111602$nBK-PRI$b $qFondi$B111602$CPULBib$Z2$F111602 $HPUL630 $81 852 $aPUL$W1$xDP1 Fondo Pastorale$y55$mP15 E 19$j111603$nBK-PRI$b $qFondi$B111603$CPULBib$Z2$F111603 $H $81 941 1 $a1 996 $6245$aL'Eglise s'est-elle reconciliée avec le thèatre ? :$bde Molière a Louis Jouvet$9(OLS)http://pul/title/113866 996 $6260$aParis :$bCerf$9(OLS)http://pul/publisher/48238 LEADER 01335nam a2200301 a 4500 001 000000170989 003 CaOOAMICUS 005 20181207145622.0 008 181207s2018 bl 000 u por r 020 $a978-85-356-4378-7* 032 $aLibriCat 040 $aPUL$bita 082 14$a248.8 245 00$aAmoris laetitia em questão : $baspectos bíblicos, teológicos e pastorais / $cLeonardo Agostini Fernandes (org.) 260 $aSão Paulo :$bPaulinas,$c©2018. 300 $a159 p. ; $c23 cm. 504 $aBibliografia alla fine dei contributi. 610 24$aPapi (2013-2025 : Franciscus)$tAmoris laetitia.$0(OLS)http://pul/subject/43315 650 4$aMatrimonio$xAspetti religiosi.$0(OLS)http://pul/subject/15640 700 1 $aAgostini Fernandes, Leonardo.$0(OLS)http://pul/name/70998 850 $aPUL 852 $aPUL$W1$xSL Religione 3$y85$m248. 8 AGOLE 1$j194419$qDDC 21$B199538$CPULBib$Z2$F199538 $H131913 $81 941 1 $a9 996 $6020$a978-85-356-4378-7* $9(OLS)http://pul/number/165546 996 $6082$a248.8$9(OLS)http://pul/classification/686 996 $6245$aAmoris laetitia em questão : $baspectos bíblicos, teológicos e pastorais / $9(OLS)http://pul/title/211848 996 $6260$aSão Paulo :$bPaulinas$9(OLS)http://pul/publisher/75720